000 00646nam a2200253Ia 4500
003 OSt
005 20221007074105.0
006 a|||||r|||| 00| 0
007 ta
008 221006b |||||||| |||| 00| 0 eng d
020 _a8170124921
_cRs. 175/-
024 _a10,655
037 _cTextual
040 _aFLL
_cFLL
_beng
041 _2eng
_aeng
082 _aY:45:2:N7, N3
100 _aSiddique Ahmad
245 0 _aCriminology
250 _a3rd
260 _aLucknow
_bEastern Law Company India
_c1993
300 _axiv,621p
_ccm.
942 _hY:45:2:N7, N3
_cTEXL
_2CC
999 _c1151116
_d1151116